000 00178 a2200097 4500
020 _a9780752865492
041 _aeng
100 _aFinder, Joseph
245 _aParanoia
942 _cBK
999 _c7813
_d7813